000 00900nam a2200265 i 4500
001 188467
003 SpMaBN
005 20250911062858.0
008 181120s1996 sp |||| | spa d
020 _a84-7522-252-8
080 _a821.111(73)-1"19"
100 1 _aCarver, Raymond.
_935975
245 1 0 _aBajo una luz marina /
_cRaymond Carver ; introducción y traducción de Mariano Antolín Rato.
250 _a2ª ed.
260 _aMadrid :
_bVisor,
_c1996.
300 _a90 p. ;
_c20 cm.
490 1 _aColección Visor de poesía ;
_v252
700 1 _aAntolín Rato, Mariano.
_921923
830 0 _aColección Visor de poesía
_v252
_9177331
852 _aES-MaACL
_jA-14272
_9 195597
_bR.151632
_cDEPO1
_dOlim: N-7272
_hDonacion: Manuel Siinula
903 _aSpínola, Manuel,
_d1948-
_ednr
_9161019
942 _2udc
_cMONOGRAFIA
999 _c188467
_d188467